[Event "SVK-chT3A2 2223"]
[Site "Slovakia"]
[Date "2023.03.19"]
[Round "9.7"]
[White "Bartos, Bohumil"]
[Black "Gajarsky, Roman"]
[Result "0-1"]
[WhiteElo "1499"]
[BlackElo "1770"]
[PlyCount "53"]
[EventDate "2022.10.16"]
[EventType "team-tourn"]
[EventRounds "9"]
[EventCountry "SVK"]
[SourceTitle "EXT 2024"]
[Source "ChessBase"]
[SourceDate "2023.10.10"]
[SourceVersion "1"]
[SourceVersionDate "2023.10.10"]
[SourceQuality "1"]
[WhiteTeam "Skalica"]
[BlackTeam "Hlohovec"]
[WhiteTeamCountry "SVK"]
[BlackTeamCountry "SVK"]

1. d4 d5 2. Bf4 Bf5 3. e3 Nf6 4. c4 c6 5. Qb3 Qc8 6. Nc3 e6 7. h3 Nbd7 8. c5 h6 9. Nf3 g5 10. Bh2 g4 11. hxg4 Nxg4 12. Be2 Nxh2 13. Rxh2 Qc7 14. Kd2 Bg7 15. Rah1 0-0-0 16. a4 a5 17. Qa3 e5 18. b4 exd4 19. Nxd4 Bg6 20. Bg4 Bxd4 21. Bxd7+ Rxd7 22. exd4 Qf4+ 23. Ke1 Re7+ 24. Kd1 Qxf2 25. g4 Qxd4+ 26. Kc1 axb4 27. Qb2 0-1

[Event "SVK-chT4 A21 2223"]
[Site "Slovakia"]
[Date "2023.01.15"]
[Round "6.4"]
[White "Bartos, Bohumil"]
[Black "Tomasovic, Roman"]
[Result "1-0"]
[WhiteElo "1499"]
[BlackElo "1550"]
[PlyCount "120"]
[EventDate "2022.10.09"]
[EventType "team-tourn"]
[EventRounds "11"]
[EventCountry "SVK"]
[SourceTitle "EXT 2024"]
[Source "ChessBase"]
[SourceDate "2023.10.10"]
[SourceVersion "1"]
[SourceVersionDate "2023.10.10"]
[SourceQuality "1"]
[WhiteTeam "Skalica II"]
[BlackTeam "Stefanov"]
[WhiteTeamCountry "SVK"]
[BlackTeamCountry "SVK"]

1. d4 d5 2. Bf4 e6 3. Nf3 Nc6 4. e3 a6 5. Nbd2 Nf6 6. c3 h6 7. Bd3 Nh5 8. Be5 Nf6 9. Bg3 Be7 10. Ne5 Nd7 11. Ndf3 Ncxe5 12. Nxe5 Nxe5 13. Bxe5 Bf6 14. Bg3 c6 15. a4 Qe7 16. 0-0 e5 17. dxe5 Bxe5 18. Bxe5 Qxe5 19. Re1 0-0 20. e4 Be6 21. exd5 Qxd5 22. Bc2 Qxd1 23. Raxd1 Rad8 24. a5 Rfe8 25. Rxd8 Rxd8 26. Rd1 Rxd1+ 27. Bxd1 Kf8 28. b4 Ke7 29. Kf1 Kd6 30. Bf3 Kc7 31. Ke1 b6 32. axb6+ Kxb6 33. Kd2 c5 34. Kc2 a5 35. bxa5+ Kxa5 36. Kb2 Kb5 37. Be2+ Bc4 38. Bd1 Bf1 39. g3 Kc4 40. Bb3+ Kd3 41. Bxf7 Ke4 42. Bh5 g6 43. Bxg6+ Kf3 44. h4 Kxf2 45. g4 Kg3 46. g5 hxg5 47. h5 Bc4 48. h6 Bg8 49. h7 Bxh7 50. Bxh7 Kf4 51. Bg8 g4 52. Bd5 Ke3 53. Kb3 Kd3 54. Bc6 g3 55. Bg2 Kd2 56. Kc4 Kc2 57. Be4+ Kb2 58. Kd3 Kb3 59. c4 Kb4 60. Bd5 Kb3 1-0

[Event "Skalica op-B"]
[Site "Skalica"]
[Date "2022.08.27"]
[Round "8"]
[White "Bartos, Bohumil"]
[Black "Hrbkova, Johana"]
[Result "0-1"]
[WhiteElo "1496"]
[BlackElo "1228"]
[PlyCount "70"]
[EventDate "2022.08.20"]
[EventType "swiss"]
[EventRounds "9"]
[EventCountry "SVK"]
[SourceTitle "CBM 209 Extra"]
[Source "ChessBase"]
[SourceDate "2022.09.30"]
[SourceVersion "1"]
[SourceVersionDate "2022.09.30"]
[SourceQuality "1"]

1. d4 Nf6 2. Bf4 g6 3. Nc3 d5 4. Qd2 c6 5. h3 Bg7 6. Bh6 Bxh6 7. Qxh6 Rg8 8. Qd2 b5 9. a3 a5 10. Nf3 Be6 11. e3 Nbd7 12. Bd3 b4 13. Na4 Ne4 14. Bxe4 dxe4 15. Ng5 Bd5 16. h4 h6 17. Nh3 e5 18. g3 exd4 19. Qxd4 Qe7 20. Nb6 Ne5 21. Ng1 Rd8 22. Nxd5 Rxd5 23. Qb6 Rb5 24. Qd4 Rd5 25. Qxe4 Qd6 26. f4 f5 27. fxe5 Rxe5 28. Qd3 Qe6 29. Ke2 Rg7 30. Rd1 Re7 31. Kd2 Rd5 32. Kc1 Rxd3 33. Rxd3 Rd7 34. Rxd7 Kxd7 35. Nf3 Qxe3+ 0-1

[Event "SVK-chT3A2 2122"]
[Site "Slovakia"]
[Date "2022.04.24"]
[Round "6.6"]
[White "Bartos, Bohumil"]
[Black "Zajicek, Ferdinand"]
[Result "0-1"]
[WhiteElo "1496"]
[BlackElo "1684"]
[PlyCount "132"]
[EventDate "2021.10.10"]
[EventType "team-tourn"]
[EventRounds "11"]
[EventCountry "SVK"]
[SourceTitle "EXT 2024"]
[Source "ChessBase"]
[SourceDate "2023.10.10"]
[SourceVersion "1"]
[SourceVersionDate "2023.10.10"]
[SourceQuality "1"]
[WhiteTeam "Skalica"]
[BlackTeam "Gbely Nafta"]
[WhiteTeamCountry "SVK"]
[BlackTeamCountry "SVK"]

1. d4 c5 2. c3 cxd4 3. cxd4 Nf6 4. Bf4 Nc6 5. e3 d5 6. Nc3 a6 7. Bd3 Qb6 8. Qb3 Qxb3 9. axb3 e6 10. Nge2 Nb4 11. Bb1 Bd7 12. 0-0 Be7 13. Na4 Rc8 14. Nb6 Rc6 15. Nxd7 Kxd7 16. Rc1 Rxc1+ 17. Nxc1 Rc8 18. Nd3 Ke8 19. h3 h6 20. f3 Nh5 21. Bh2 Nf6 22. Be5 Rc6 23. Bg3 Nd7 24. Be1 Rb6 25. Nxb4 Bxb4 26. Bxb4 Rxb4 27. Bc2 Rb6 28. Kf2 Nb8 29. Ke2 Nc6 30. Kd2 g6 31. Rc1 Na5 32. Kc3 Kd7 33. Ra1 Nc6 34. Kd2 Nb4 35. Bd1 Nc6 36. Rc1 Nb4 37. Ra1 Kc7 38. Rc1+ Rc6 39. Rxc6+ Kxc6 40. Bc2 Kb5 41. Bb1 Nc6 42. Kc3 Ne7 43. g4 f5 44. h4 fxg4 45. fxg4 g5 46. h5 Ng8 47. Bd3+ Kc6 48. Be2 Nf6 49. Bf3 a5 50. Kd3 Kb5 51. Kc3 Ne4+ 52. Kd3 Nd6 53. Kc3 Kc6 54. b4 a4 55. Bd1 Ne4+ 56. Kc2 Kb5 57. Kb1 Kxb4 58. Ka2 Ng3 59. Bc2 Ne4 60. Bd3 b5 61. Bc2 Nf2 62. Bg6 Nxg4 63. e4 dxe4 64. Bxe4 Nf6 65. Bf3 g4 66. Bg2 Nxh5 0-1

[Event "SVK-chT3A2 2122"]
[Site "Slovakia"]
[Date "2022.02.27"]
[Round "10.7"]
[White "Vonderka, Jaroslav"]
[Black "Bartos, Bohumil"]
[Result "0-1"]
[WhiteElo "1000"]
[BlackElo "1496"]
[PlyCount "56"]
[EventDate "2021.10.10"]
[EventType "team-tourn"]
[EventRounds "11"]
[EventCountry "SVK"]
[SourceTitle "EXT 2023"]
[Source "ChessBase"]
[SourceDate "2022.10.05"]
[SourceVersion "1"]
[SourceVersionDate "2022.10.05"]
[SourceQuality "1"]
[WhiteTeam "Modranka Komplet II"]
[BlackTeam "Skalica"]
[WhiteTeamCountry "SVK"]
[BlackTeamCountry "SVK"]

1. e4 c6 2. c3 d5 3. d3 dxe4 4. dxe4 Qxd1+ 5. Kxd1 Nf6 6. f3 e5 7. Be3 Be7 8. Bd3 Be6 9. Nd2 0-0 10. Ne2 Rd8 11. Kc2 Nbd7 12. Rhd1 b5 13. b4 Nb6 14. g4 h6 15. h4 Nc4 16. Bf2 Na3+ 17. Kb2 Rxd3 18. Kxa3 a5 19. Nc1 axb4+ 20. Kb2 bxc3+ 21. Kc2 Rxd2+ 22. Rxd2 cxd2 23. Kxd2 Ra3 24. Ke2 Bc4+ 25. Ke1 Rxf3 26. g5 hxg5 27. hxg5 Nxe4 28. Bb6 Rf1# 0-1

[Event "SVK-chT3A2 2122"]
[Site "Slovakia"]
[Date "2021.10.10"]
[Round "1.7"]
[White "Sefcik, Oliver"]
[Black "Bartos, Bohumil"]
[Result "1-0"]
[WhiteElo "1315"]
[BlackElo "1496"]
[PlyCount "103"]
[EventDate "2021.10.10"]
[EventType "team-tourn"]
[EventRounds "11"]
[EventCountry "SVK"]
[SourceTitle "EXT 2023"]
[Source "ChessBase"]
[SourceDate "2022.10.05"]
[SourceVersion "1"]
[SourceVersionDate "2022.10.05"]
[SourceQuality "1"]
[WhiteTeam "Holic"]
[BlackTeam "Skalica"]
[WhiteTeamCountry "SVK"]
[BlackTeamCountry "SVK"]

1. e4 c6 2. d4 d5 3. e5 Bf5 4. Bd3 Bxd3 5. Qxd3 e6 6. c3 Nd7 7. Be3 Ne7 8. f4 Nf5 9. Nf3 Nxe3 10. Qxe3 c5 11. Nbd2 cxd4 12. cxd4 Rc8 13. 0-0 Be7 14. Rac1 Nb6 15. Qf2 0-0 16. h4 h6 17. h5 Qd7 18. Kh1 Rxc1 19. Rxc1 Rc8 20. Qe1 Bb4 21. a3 Be7 22. Nf1 Rxc1 23. Qxc1 Qc6 24. Qxc6 bxc6 25. Ne3 Na4 26. b4 Nc3 27. g3 Ne2 28. Kg2 f6 29. Kf2 Nc3 30. Nd2 fxe5 31. fxe5 a6 32. Kf3 Kf7 33. g4 Bg5 34. Nef1 Nb5 35. Nb3 Nxa3 36. Na1 Be7 37. Ne3 Bxb4 38. Nb3 Be7 39. Ke2 Bd8 40. Kd3 Bb6 41. Nd1 Nb5 42. Nb2 Ke7 43. Na4 Ba7 44. Ke3 Kd8 45. Kd3 Kc7 46. Nac5 Bxc5 47. Nxc5 a5 48. Nxe6+ Kd7 49. Nxg7 a4 50. Nf5 a3 51. Kc2 Nc3 52. Kxc3 1-0

[Event "SVK-chT4 A21 1920"]
[Site "Slovakia"]
[Date "2020.01.26"]
[Round "7.2"]
[White "Blatnicky, Miroslav"]
[Black "Bartos, Bohumil"]
[Result "1-0"]
[WhiteElo "2112"]
[BlackElo "1509"]
[PlyCount "43"]
[EventDate "2019.10.13"]
[EventType "team-tourn"]
[EventRounds "11"]
[EventCountry "SVK"]
[SourceTitle "CBM 194 Extra"]
[Source "ChessBase"]
[SourceDate "2020.03.31"]
[SourceVersion "1"]
[SourceVersionDate "2020.03.31"]
[SourceQuality "1"]
[WhiteTeam "Vrbove"]
[BlackTeam "Skalica III"]
[WhiteTeamCountry "SVK"]
[BlackTeamCountry "SVK"]

1. e4 c6 2. d4 d5 3. exd5 cxd5 4. c3 Bf5 5. Qb3 b6 6. Ne2 Nf6 7. Ng3 Bd7 8. Na3 e6 9. Bf4 Bxa3 10. Qxa3 Nc6 11. Ba6 Bc8 12. Bb5 Bd7 13. 0-0 Na5 14. Bd3 Qe7 15. Bd6 Qd8 16. Rfe1 Nc4 17. Bxc4 dxc4 18. Nf5 Rg8 19. Be7 Qc7 20. Bxf6 Bc6 21. Be5 Qb7 22. Nd6+ 1-0

[Event "Skalica op"]
[Site "Skalica"]
[Date "2020.01.11"]
[Round "4"]
[White "Kanka, Tomas"]
[Black "Bartos, Bohumil"]
[Result "1-0"]
[WhiteElo "1755"]
[BlackElo "1519"]
[PlyCount "63"]
[EventDate "2020.01.11"]
[EventType "swiss"]
[EventRounds "9"]
[EventCountry "SVK"]
[SourceTitle "CBM 194 Extra"]
[Source "ChessBase"]
[SourceDate "2020.03.31"]
[SourceVersion "1"]
[SourceVersionDate "2020.03.31"]
[SourceQuality "1"]

1. e4 c6 2. c4 d5 3. cxd5 cxd5 4. exd5 Nf6 5. Bb5+ Bd7 6. Bc4 b5 7. Bb3 Na6 8. d4 Nc7 9. d6 exd6 10. Nf3 Qe7+ 11. Be3 h6 12. 0-0 Qd8 13. Bf4 Be7 14. Re1 0-0 15. h3 a6 16. Nc3 Ne6 17. Bh2 Re8 18. Qd3 Rc8 19. Bc2 b4 20. Ne4 Qc7 21. Nxf6+ Bxf6 22. Rac1 Nf8 23. Rxe8 Rxe8 24. Nd2 Qb6 25. Ne4 Bxd4 26. Rf1 d5 27. Nd6 Bxf2+ 28. Kh1 Re1 29. Rxe1 Bxe1 30. Qf1 Qf2 31. Qd3 Bxh3 32. gxh3 1-0

[Event "SVK-chT4 A21 1920"]
[Site "Slovakia"]
[Date "2019.10.27"]
[Round "2.3"]
[White "Bartos, Bohumil"]
[Black "Vach, Jozef"]
[Result "1/2-1/2"]
[WhiteElo "1509"]
[BlackElo "1709"]
[PlyCount "77"]
[EventDate "2019.10.13"]
[EventType "team-tourn"]
[EventRounds "11"]
[EventCountry "SVK"]
[SourceTitle "CBM 193 Extra"]
[Source "ChessBase"]
[SourceDate "2020.01.31"]
[SourceVersion "1"]
[SourceVersionDate "2020.01.31"]
[SourceQuality "1"]
[WhiteTeam "Skalica III"]
[BlackTeam "Holic II"]
[WhiteTeamCountry "SVK"]
[BlackTeamCountry "SVK"]

1. d4 d5 2. Bf4 Nf6 3. e3 g6 4. Nc3 c6 5. h3 Bg7 6. Bd3 0-0 7. Nf3 Re8 8. Qd2 Nbd7 9. 0-0 c5 10. Nb5 e5 11. dxe5 Ne4 12. Qd1 a6 13. Nc3 Nxc3 14. bxc3 Nxe5 15. Nxe5 Bxe5 16. Bxe5 Rxe5 17. Rb1 b5 18. Be2 Bb7 19. Bf3 Rb8 20. Qc1 Kg7 21. Rd1 Qe7 22. Qb2 f6 23. Rd2 Rd8 24. a4 Bc6 25. axb5 axb5 26. Ra1 Qb7 27. Rdd1 Ra8 28. Rxa8 Qxa8 29. Ra1 Qb7 30. Ra5 Qb6 31. Qa2 Bb7 32. Ra7 c4 33. Qa5 Qxa5 34. Rxa5 Bc6 35. Ra6 Be8 36. Rd6 Bf7 37. Rb6 Be8 38. Rd6 Bf7 39. Rb6 1/2-1/2

[Event "SVK-chT4 A21 1819"]
[Site "Slovakia"]
[Date "2019.01.20"]
[Round "7.4"]
[White "Podjavorinsky, Peter"]
[Black "Bartos, Bohumil"]
[Result "0-1"]
[WhiteElo "1678"]
[BlackElo "1543"]
[PlyCount "26"]
[EventDate "2018.10.14"]
[EventType "team-tourn"]
[EventRounds "11"]
[EventCountry "SVK"]
[SourceTitle "CBM 189 Extra"]
[Source "ChessBase"]
[SourceDate "2019.06.03"]
[SourceVersion "1"]
[SourceVersionDate "2019.06.03"]
[SourceQuality "1"]
[WhiteTeam "Vrbove"]
[BlackTeam "Skalica III"]
[WhiteTeamCountry "SVK"]
[BlackTeamCountry "SVK"]

1. e4 c6 2. d4 d5 3. exd5 cxd5 4. Nf3 Nc6 5. Nc3 Nf6 6. Be2 Bf5 7. a3 e6 8. Bf4 Bd6 9. Bg3 a6 10. Nh4 Bg6 11. Nxg6 hxg6 12. Bxd6 Qxd6 13. h3 Qf4 0-1

[Event "SVK-chT3A2 1819"]
[Site "Slovakia"]
[Date "2019.01.13"]
[Round "6.4"]
[White "Bartos, Bohumil"]
[Black "Bilovsky, Milan"]
[Result "0-1"]
[WhiteElo "1559"]
[BlackElo "1913"]
[PlyCount "48"]
[EventDate "2018.10.07"]
[EventType "team-tourn"]
[EventRounds "11"]
[EventCountry "SVK"]
[SourceTitle "EXT 2020"]
[Source "ChessBase"]
[SourceDate "2019.10.17"]
[SourceVersion "1"]
[SourceVersionDate "2019.10.17"]
[SourceQuality "1"]
[WhiteTeam "Skalica II"]
[BlackTeam "Gbely Nafta II"]
[WhiteTeamCountry "SVK"]
[BlackTeamCountry "SVK"]

1. d4 d5 2. Nf3 e6 3. e3 c5 4. c3 Nc6 5. Nbd2 Nf6 6. Bd3 Be7 7. 0-0 0-0 8. dxc5 Bxc5 9. b4 Bd6 10. e4 Ne5 11. Bb1 Qc7 12. Bb2 b6 13. Qc2 Nxf3+ 14. gxf3 Bxh2+ 15. Kg2 Be5 16. exd5 exd5 17. Rh1 g6 18. Qc1 Be6 19. Nb3 Rac8 20. Qg5 Ne8 21. Rxh7 Kxh7 22. Bxg6+ fxg6 23. Rh1+ Kg8 24. Qxg6+ Qg7 0-1

[Event "SVK-chT3A2 1819"]
[Site "Slovakia"]
[Date "2018.10.21"]
[Round "2.2"]
[White "Bartos, Bohumil"]
[Black "Stehlik, Jan1111"]
[Result "1/2-1/2"]
[WhiteElo "1559"]
[BlackElo "1604"]
[PlyCount "91"]
[EventDate "2018.10.07"]
[EventType "team-tourn"]
[EventRounds "11"]
[EventCountry "SVK"]
[SourceTitle "EXT 2020"]
[Source "ChessBase"]
[SourceDate "2019.10.17"]
[SourceVersion "1"]
[SourceVersionDate "2019.10.17"]
[SourceQuality "1"]
[WhiteTeam "Skalica II"]
[BlackTeam "Holic"]
[WhiteTeamCountry "SVK"]
[BlackTeamCountry "SVK"]

1. d4 d5 2. Nf3 Nf6 3. e3 Bg4 4. Nbd2 e6 5. Bd3 c5 6. c3 Nc6 7. 0-0 Bd6 8. h3 Bh5 9. Re1 0-0 10. dxc5 Bxc5 11. b4 Bd6 12. Qc2 Bg6 13. Bxg6 hxg6 14. e4 dxe4 15. Nxe4 Nxe4 16. Qxe4 Re8 17. Bb2 Qf6 18. a3 Qf5 19. Qe2 Rac8 20. g4 Qf6 21. c4 Qe7 22. c5 Bf4 23. Rad1 a6 24. Qc4 Bc7 25. Qc3 Qf8 26. Ng5 Red8 27. Qf3 Rxd1 28. Rxd1 Rd8 29. Rxd8 Bxd8 30. Ne4 Bc7 31. Qd3 Qe7 32. Nd6 Bxd6 33. Qxd6 Qxd6 34. cxd6 Kf8 35. f4 f5 36. g5 Ke8 37. Bxg7 Kd7 38. Be5 Nd8 39. Kf2 Nf7 40. Ke3 b5 41. h4 Nxd6 42. Bxd6 Kxd6 43. Kd4 Kd7 44. Kc5 Ke7 45. Kd4 Kd7 46. Ke3 1/2-1/2

[Event "SVK-chT4 A21 1819"]
[Site "Slovakia"]
[Date "2018.10.14"]
[Round "1.2"]
[White "Bartos, Bohumil"]
[Black "Cheben, Jozef"]
[Result "1-0"]
[WhiteElo "1543"]
[BlackElo "1568"]
[PlyCount "149"]
[EventDate "2018.10.14"]
[EventType "team-tourn"]
[EventRounds "11"]
[EventCountry "SVK"]
[SourceTitle "CBM 189 Extra"]
[Source "ChessBase"]
[SourceDate "2019.06.03"]
[SourceVersion "1"]
[SourceVersionDate "2019.06.03"]
[SourceQuality "1"]
[WhiteTeam "Skalica III"]
[BlackTeam "Vrbove II"]
[WhiteTeamCountry "SVK"]
[BlackTeamCountry "SVK"]

1. d4 d5 2. Nf3 Nf6 3. e3 e6 4. Bd3 c6 5. Nbd2 Nbd7 6. 0-0 Bd6 7. e4 dxe4 8. Nxe4 Nxe4 9. Bxe4 Nf6 10. Bd3 Qc7 11. h3 0-0 12. Bg5 Nd5 13. c4 Nb4 14. Bb1 h6 15. Bd2 Na6 16. Qc2 f5 17. c5 Be7 18. Re1 Bf6 19. Qb3 Qf7 20. Bf4 Nb8 21. Bd3 Re8 22. Bc4 Kh8 23. Rad1 a6 24. Ne5 Bxe5 25. Bxe5 Kh7 26. Bxb8 Rxb8 27. Bxa6 Qc7 28. Bd3 b5 29. Bxf5+ Kh8 30. Bxe6 Bxe6 31. Rxe6 Rxe6 32. Qxe6 Rf8 33. Qe3 Ra8 34. a3 Rf8 35. Re1 Qf7 36. Re2 Qd5 37. Qe4 Qd7 38. Qe6 Qxd4 39. Qe3 Qd1+ 40. Kh2 Qd5 41. b4 Qd7 42. Qe7 Qf5 43. Qd6 Rf6 44. Re8+ Kh7 45. Qg3 Rg6 46. Qf3 Qxf3 47. gxf3 Rf6 48. Kg3 Kg6 49. Rd8 Kg5 50. Rd6 Kf5 51. Rxf6+ Kxf6 52. Kf4 Ke6 53. Ke4 g6 54. f4 Kf6 55. h4 Ke6 56. Kf3 Kf5 57. Kg3 h5 58. Kf3 Ke6 59. Ke4 Kf6 60. f5 gxf5+ 61. Kf4 Ke6 62. Kg5 Ke5 63. Kxh5 Kf6 64. Kh6 f4 65. f3 Kf5 66. Kg7 Ke5 67. h5 Kd4 68. h6 Ke3 69. h7 Kxf3 70. h8Q Kg3 71. Qh1 f3 72. Qf1 f2 73. Kf6 Kf3 74. Ke5 Ke3 75. Kd6 1-0

[Event "SVK-chT5 1718"]
[Site "Slovakia"]
[Date "2018.03.24"]
[Round "9.1"]
[White "Drozd, Jan"]
[Black "Bartos, Bohumil"]
[Result "1/2-1/2"]
[WhiteElo "1530"]
[BlackElo "1566"]
[PlyCount "41"]
[EventDate "2017.10.21"]
[EventType "team-tourn"]
[EventRounds "9"]
[EventCountry "SVK"]
[SourceTitle "EXT 2020"]
[Source "ChessBase"]
[SourceDate "2019.10.17"]
[SourceVersion "1"]
[SourceVersionDate "2019.10.17"]
[SourceQuality "1"]
[WhiteTeam "Senica IV"]
[BlackTeam "Skalica III"]
[WhiteTeamCountry "SVK"]
[BlackTeamCountry "SVK"]

1. e4 c6 2. d4 d5 3. e5 Bf5 4. Nf3 e6 5. Bd3 Ne7 6. Bg5 Bxd3 7. Qxd3 h6 8. Bh4 Qa5+ 9. Nbd2 Qa6 10. Qxa6 Nxa6 11. c3 g5 12. Bg3 Nf5 13. Nb3 c5 14. h3 c4 15. Nbd2 Rc8 16. a4 Be7 17. Bh2 h5 18. g4 hxg4 19. hxg4 Nh4 20. Nxh4 gxh4 21. Ke2 1/2-1/2

[Event "SVK-chT5 1718"]
[Site "Slovakia"]
[Date "2018.01.20"]
[Round "6"]
[White "Cambal, Peter"]
[Black "Bartos, Bohumil"]
[Result "1/2-1/2"]
[WhiteElo "1440"]
[BlackElo "1566"]
[PlyCount "31"]
[EventDate "2017.10.21"]
[EventType "team-tourn"]
[EventRounds "9"]
[EventCountry "SVK"]
[SourceTitle "EXT 2019"]
[Source "ChessBase"]
[SourceDate "2018.10.10"]
[SourceVersion "1"]
[SourceVersionDate "2018.10.10"]
[SourceQuality "1"]
[WhiteTeam "Holic III"]
[BlackTeam "Skalica III"]
[WhiteTeamCountry "SVK"]
[BlackTeamCountry "SVK"]

1. Nf3 d5 2. g3 Nf6 3. Bg2 Bf5 4. 0-0 e6 5. b3 Nbd7 6. Bb2 Bd6 7. Nc3 a6 8. d3 Bg6 9. Re1 0-0 10. e4 dxe4 11. dxe4 e5 12. Nd2 b5 13. Nd5 c6 14. Nxf6+ Nxf6 15. Kh1 Qc7 16. f4 1/2-1/2

[Event "SVK-chT2A 1617"]
[Site "Slovakia"]
[Date "2016.12.04"]
[Round "6.8"]
[White "Sipkovsky, Ladislav"]
[Black "Bartos, Bohumil"]
[Result "1-0"]
[WhiteElo "1831"]
[BlackElo "1658"]
[PlyCount "119"]
[EventDate "2016.10.08"]
[EventType "team-tourn"]
[EventRounds "11"]
[EventCountry "SVK"]
[SourceTitle "EXT 2018"]
[Source "ChessBase"]
[SourceDate "2017.10.13"]
[SourceVersion "1"]
[SourceVersionDate "2017.10.13"]
[SourceQuality "1"]
[WhiteTeam "Sered MSK"]
[BlackTeam "Skalica"]
[WhiteTeamCountry "SVK"]
[BlackTeamCountry "SVK"]

1. e4 c5 2. Nf3 Nc6 3. Nc3 d6 4. b3 Nf6 5. Bb5 Bd7 6. Bb2 a6 7. Bxc6 Bxc6 8. d3 e5 9. 0-0 Be7 10. h3 0-0 11. Ne2 Qc7 12. c4 b5 13. Nd2 Bd7 14. f4 Ne8 15. fxe5 dxe5 16. Nc3 Bc6 17. Nd5 Bxd5 18. cxd5 f6 19. Qg4 Qd6 20. Nf3 Qb6 21. Kh1 Kh8 22. Bc3 b4 23. Bd2 Rg8 24. Nh4 g6 25. Qg3 Nd6 26. Nf3 a5 27. Qf2 Raf8 28. Be3 Nb5 29. Nd2 Na3 30. Rac1 Rc8 31. Nc4 Nxc4 32. Rxc4 Rc7 33. Rfc1 Rgc8 34. g4 Kg7 35. Qd2 g5 36. Kg2 h6 37. Rh1 Rh8 38. h4 Bf8 39. Qf2 Be7 40. Qf5 Qb5 41. hxg5 hxg5 42. Rxh8 Kxh8 43. Bxg5 Qd7 44. Bxf6+ Bxf6 45. Qxf6+ Qg7 46. Qxg7+ Rxg7 47. Kg3 Rc7 48. g5 Kg7 49. Kg4 Kg6 50. Rc2 Rf7 51. Rxc5 Rf4+ 52. Kg3 Kxg5 53. Rc8 Rg4+ 54. Kf3 Rf4+ 55. Ke3 Kg4 56. Rg8+ Kh3 57. d4 Rf1 58. dxe5 Ra1 59. e6 Rxa2 60. e7 1-0

[Event "SVK-chT3A2 1617"]
[Site "Slovakia"]
[Date "2016.11.27"]
[Round "4.6"]
[White "Mihalik, Anton"]
[Black "Bartos, Bohumil"]
[Result "1-0"]
[WhiteElo "1939"]
[BlackElo "1660"]
[PlyCount "47"]
[EventDate "2016.10.16"]
[EventType "team-tourn"]
[EventRounds "11"]
[EventCountry "SVK"]
[SourceTitle "EXT 2020"]
[Source "ChessBase"]
[SourceDate "2019.10.17"]
[SourceVersion "1"]
[SourceVersionDate "2019.10.17"]
[SourceQuality "1"]
[WhiteTeam "Piestany Kupele"]
[BlackTeam "Skalica II"]
[WhiteTeamCountry "SVK"]
[BlackTeamCountry "SVK"]

1. c4 c5 2. Nc3 Nc6 3. Nf3 Nf6 4. g3 g6 5. Bg2 Bg7 6. 0-0 0-0 7. e3 e5 8. d4 cxd4 9. exd4 exd4 10. Nxd4 Nxd4 11. Qxd4 Ne8 12. Qd3 Nc7 13. Bf4 Ne6 14. Bd6 Re8 15. Rfe1 Bf8 16. Bxf8 Rxf8 17. Nd5 Rb8 18. Qc3 f5 19. Rad1 Rf7 20. Ne3 Qf6 21. Qa3 a6 22. Nd5 Qg7 23. Qd6 Ra8 24. Nb6 1-0

[Event "SVK-chT2A 1617"]
[Site "Slovakia"]
[Date "2016.11.05"]
[Round "3.8"]
[White "Bartos, Bohumil"]
[Black "Stanko, Ivan"]
[Result "1/2-1/2"]
[WhiteElo "1686"]
[BlackElo "1903"]
[PlyCount "39"]
[EventDate "2016.10.08"]
[EventType "team-tourn"]
[EventRounds "11"]
[EventCountry "SVK"]
[SourceTitle "CBM 175 Extra"]
[Source "ChessBase"]
[SourceDate "2016.12.12"]
[SourceVersion "1"]
[SourceVersionDate "2016.12.12"]
[SourceQuality "1"]
[WhiteTeam "Skalica"]
[BlackTeam "Bratislava Doprastav"]
[WhiteTeamCountry "SVK"]
[BlackTeamCountry "SVK"]

1. Nf3 Nf6 2. d3 d6 3. e4 g6 4. g3 Bg7 5. Bg2 0-0 6. 0-0 c5 7. Re1 Nc6 8. Nbd2 Qc7 9. Nf1 Bd7 10. c3 Rac8 11. Bg5 Qb6 12. Qd2 Rfe8 13. Rab1 Ng4 14. Ne3 Nxe3 15. Bxe3 Qc7 16. Bf4 b5 17. Bh6 Bf6 18. Bg5 Bh8 19. Bf4 Bg7 20. Bh6 1/2-1/2

[Event "SVK-chT3A2 1617"]
[Site "Slovakia"]
[Date "2016.10.16"]
[Round "1.3"]
[White "Holicky, Miroslav"]
[Black "Bartos, Bohumil"]
[Result "0-1"]
[WhiteElo "1771"]
[BlackElo "1660"]
[PlyCount "90"]
[EventDate "2016.10.16"]
[EventType "team-tourn"]
[EventRounds "11"]
[EventCountry "SVK"]
[SourceTitle "EXT 2020"]
[Source "ChessBase"]
[SourceDate "2019.10.17"]
[SourceVersion "1"]
[SourceVersionDate "2019.10.17"]
[SourceQuality "1"]
[WhiteTeam "Trnava Lokomotiva III"]
[BlackTeam "Skalica II"]
[WhiteTeamCountry "SVK"]
[BlackTeamCountry "SVK"]

1. e4 c5 2. Nf3 Nc6 3. c3 d5 4. exd5 Qxd5 5. Na3 a6 6. Nc2 Nf6 7. Ne3 Qd8 8. a4 e6 9. Be2 Be7 10. 0-0 0-0 11. Nc4 Qc7 12. a5 Bd7 13. d4 Rad8 14. g3 cxd4 15. Bf4 e5 16. Nfxe5 Nxe5 17. Bxe5 Qc6 18. Nb6 Bh3 19. Bf3 Qb5 20. Re1 dxc3 21. Qc2 Qxb2 22. Qxb2 cxb2 23. Bxb2 Rd2 24. Rxe7 Rxb2 25. Rxb7 Re8 26. Nd5 Ra2 27. Rab1 Kf8 28. Nf4 Bc8 29. Rc7 Rxa5 30. Kg2 g5 31. Nd3 Bf5 32. Rbb7 Bg6 33. Nb2 Ra2 34. Nc4 g4 35. Bc6 Ree2 36. Nd6 Rxf2+ 37. Kg1 Rfd2 38. Rxf7+ Bxf7 39. Rxf7+ Kg8 40. Rxf6 Ra1+ 41. Rf1 Rxf1+ 42. Kxf1 Rxd6 43. Ba4 Rd2 44. Kg1 Kg7 45. Bb3 Kf6 0-1

[Event "SVK-chT4 A21 1516"]
[Site "Slovakia"]
[Date "2016.02.28"]
[Round "9.5"]
[White "Sadlon, Matus"]
[Black "Bartos, Bohumil"]
[Result "1-0"]
[WhiteElo "1684"]
[BlackElo "1686"]
[PlyCount "121"]
[EventDate "2015.10.04"]
[EventType "team-tourn"]
[EventRounds "11"]
[EventCountry "SVK"]
[SourceTitle "EXT 2017"]
[Source "ChessBase"]
[SourceDate "2016.10.25"]
[SourceVersion "1"]
[SourceVersionDate "2016.10.25"]
[SourceQuality "1"]
[WhiteTeam "Brezova pod Bradlom"]
[BlackTeam "Skalica III"]
[WhiteTeamCountry "SVK"]
[BlackTeamCountry "SVK"]

1. e4 c5 2. Nf3 Nc6 3. c3 d5 4. exd5 Qxd5 5. Be2 Nf6 6. 0-0 e6 7. Na3 a6 8. Nc4 Qd8 9. d3 b5 10. Nce5 Nxe5 11. Nxe5 Bd6 12. Ng4 Nxg4 13. Bxg4 0-0 14. Bf3 Rb8 15. Be3 Qc7 16. g3 Bb7 17. Re1 Rfd8 18. Rc1 Bxf3 19. Qxf3 Qb7 20. Qg4 Be7 21. d4 cxd4 22. Bxd4 Bf8 23. Rcd1 Re8 24. Re5 f5 25. Qe2 Qf7 26. Re1 b4 27. Rxe6 Rxe6 28. Qxe6 bxc3 29. Bxc3 Qxe6 30. Rxe6 Ra8 31. Re5 g6 32. Rd5 Bg7 33. Bxg7 Kxg7 34. Kf1 a5 35. Ke2 a4 36. Kd3 Rb8 37. Kc3 Re8 38. b4 axb3 39. axb3 Re2 40. Rd2 Re8 41. b4 Rc8+ 42. Kb3 Rc1 43. b5 Rc5 44. Kb4 Rc1 45. b6 Rb1+ 46. Kc5 Rc1+ 47. Kb5 Rb1+ 48. Ka6 Ra1+ 49. Kb7 Kf8 50. Kb8 Ke8 51. b7 Ke7 52. Rc2 Kd8 53. Rc8+ Kd7 54. Rc7+ Kd8 55. Rxh7 Ra2 56. f4 Ra6 57. Rg7 Ra2 58. Rxg6 Rxh2 59. Rd6+ Ke7 60. Kc7 Rc2+ 61. Rc6 1-0